[Event "Sligo Chess and Culture Festival Championship 2026"]
[Site "Enniscrone IRL"]
[Date "2026.01.30"]
[Round "1.1"]
[White "Grant, Cian"]
[Black "O'Neill, Matthew"]
[Result "1-0"]
[WhiteElo "1686"]
[BlackElo "1744"]
[WhiteICU "1715"]
[BlackICU "1798"]
[BlackClub "Cork"]
[WhiteNationality "IRL"]
[BlackNationality "IRL"]
[WhiteFideId "2516837"]
[BlackFideId "2528533"]
[PlyCount "135"]
[ChessResultsKey "1241835"]
[EventSection "3/5"]
[Venue "Diamond Coast Hotel"]
[EventDate "2026.01.30"]

{ Event information: <a
href="https://www.irlchess.com/sligo-cship2026_allfiles/pairings_sligo-cship2026.html">Tournament
report</a>. }

1. d4 Nf6 2. c4 e6 3. g3 c5 4. d5 exd5 5. cxd5 d6 6. Nc3 g6 7. Bg2 Bg7 8.
e4 O-O 9. Nf3 a6 10. a4 Nbd7 11. O-O Re8 12. Nd2 Nh5 13. a5 Ne5 14. Qb3 Ng4
15. Nc4 Bd4 16. Be3 Bxe3 17. Nxe3 Nxe3 18. fxe3 Qg5 19. Na4 Rb8 20. Rae1
Qe5 21. Nb6 f5 22. Nxc8 Rexc8 23. exf5 gxf5 24. Qc3 Re8 25. e4 Qxc3 26.
bxc3 fxe4 27. Rxe4 Rxe4 28. Bxe4 Re8 29. Bf3 Nf6 30. Kf2 Re5 31. Rb1 Re7
32. g4 Ne8 33. g5 Kg7 34. Kg3 Kg6 35. Kf4 h6 36. gxh6 Rf7+ 37. Kg3 Kxh6 38.
Bg4 Rg7 39. Kf4 Nc7 40. c4 Rf7+ 41. Ke3 Kg5 42. h3 Re7+ 43. Kd3 Kf6 44. Bc8
Re8 45. Bxb7 Rh8 46. Rh1 Rh4 47. Bc8 Rd4+ 48. Kc3 Rh4 49. Rb1 Rh8 50. Bg4
Ke5 51. Rb7 Rh7 52. Bc8 Ke4 53. Rb6 Rh8 54. Bxa6 Rxh3+ 55. Kb2 Rh2+ 56. Ka3
Nxa6 57. Rxa6 Kd4 58. Rxd6 Kxc4 59. a6 Kb5 60. a7 Rh1 61. Kb2 Rh8 62. Rd7
Kb6 63. Kc3 Rh3+ 64. Kc4 Ra3 65. Rd6+ Kc7 66. Rc6+ Kd7 67. Rh6 Ra5 68. Rh8
1-0

[Event "Sligo Chess and Culture Festival Championship 2026"]
[Site "Enniscrone IRL"]
[Date "2026.01.30"]
[Round "1.2"]
[White "Reynolds, Paul"]
[Black "Nolan, Cal"]
[Result "1-0"]
[WhiteElo "1744"]
[BlackElo "1680"]
[BlackICU "1684"]
[BlackClub "St. Benildus"]
[WhiteNationality "IRL"]
[BlackNationality "IRL"]
[WhiteFideId "2537486"]
[BlackFideId "2512980"]
[PlyCount "44"]
[ChessResultsKey "1241835"]
[EventSection "3/5"]
[Venue "Diamond Coast Hotel"]
[EventDate "2026.01.30"]

{ Event information: <a
href="https://www.irlchess.com/sligo-cship2026_allfiles/pairings_sligo-cship2026.html">Tournament
report</a>. }

1. e4 Nf6 2. Nc3 Nc6 3. Nf3 d6 4. d4 g6 5. Bc4 Bg4 6. Be3 Bg7 7. h3 Bxf3 8.
Qxf3 O-O 9. O-O-O e5 10. d5 Na5 11. Be2 b6 12. h4 h5 13. Bg5 Kh7 14. Kb1
Nb7 15. Rdg1 Rh8 16. g4 hxg4 17. Rxg4 Kg8 18. h5 gxh5 19. Bxf6 Qxf6 20.
Qxf6 hxg4 21. Rxh8+ Kxh8 22. Qh4+ Kg8 1-0

[Event "Sligo Chess and Culture Festival Championship 2026"]
[Site "Enniscrone IRL"]
[Date "2026.01.30"]
[Round "1.3"]
[White "Fitzsimons, Pat"]
[Black "Wieczorek, Jarek"]
[Result "1-0"]
[WhiteElo "1674"]
[BlackElo "1744"]
[WhiteICU "1660"]
[BlackICU "1755"]
[WhiteClub "Elm Mount"]
[BlackClub "Galway"]
[WhiteNationality "IRL"]
[BlackNationality "IRL"]
[WhiteFideId "2502526"]
[BlackFideId "2528223"]
[PlyCount "79"]
[ChessResultsKey "1241835"]
[EventSection "3/5"]
[Venue "Diamond Coast Hotel"]
[EventDate "2026.01.30"]

{ Event information: <a
href="https://www.irlchess.com/sligo-cship2026_allfiles/pairings_sligo-cship2026.html">Tournament
report</a>. }

1. d4 g6 2. c4 Bg7 3. Nc3 Nf6 4. e4 d6 5. h3 O-O 6. f4 Na6 7. Nf3 e5 8.
fxe5 dxe5 9. d5 Nc5 10. Bd3 c6 11. b4 Nxd3+ 12. Qxd3 Nh5 13. Ne2 f5 14. Bg5
fxe4 15. Qxe4 Qd6 16. a3 Bf5 17. Qe3 Nf4 18. O-O Nxe2+ 19. Qxe2 e4 20. Nh4
Bxa1 21. Rxa1 cxd5 22. cxd5 Qxd5 23. Rd1 Qb3 24. Qd2 Qd3 25. Qa2+ Kg7 26.
Rxd3 exd3 27. Qb2+ Kg8 28. Nxf5 Rxf5 29. Bh6 Rf7 30. Qd4 Re8 31. Qxd3 Rfe7
32. Qd5+ Rf7 33. h4 Rc8 34. h5 gxh5 35. Qg5+ Kh8 36. Qxh5 Rfc7 37. Qe5+ Kg8
38. Qe6+ Kh8 39. Bf4 Rc6 40. Be5# 1-0

[Event "Sligo Chess and Culture Festival Championship 2026"]
[Site "Enniscrone IRL"]
[Date "2026.01.30"]
[Round "1.4"]
[White "Armstrong, Fred"]
[Black "Crowe, John"]
[Result "0-1"]
[WhiteElo "1740"]
[BlackElo "1670"]
[WhiteICU "1733"]
[BlackICU "1686"]
[WhiteClub "Elm Mount"]
[BlackClub "Lucan"]
[WhiteNationality "IRL"]
[BlackNationality "IRL"]
[WhiteFideId "2502089"]
[BlackFideId "2529513"]
[PlyCount "70"]
[ChessResultsKey "1241835"]
[EventSection "3/5"]
[Venue "Diamond Coast Hotel"]
[EventDate "2026.01.30"]

{ Event information: <a
href="https://www.irlchess.com/sligo-cship2026_allfiles/pairings_sligo-cship2026.html">Tournament
report</a>. }

1. f4 d5 2. Nf3 c5 3. e3 Nc6 4. Be2 Nf6 5. O-O Bf5 6. d3 e6 7. Qe1 Nb4 8.
Bd1 Be7 9. a3 Nc6 10. Nbd2 h6 11. e4 dxe4 12. dxe4 Bh7 13. Kh1 Qc7 14. e5
Nd5 15. Ne4 O-O-O 16. Nc3 Nxc3 17. bxc3 Bf5 18. Be3 g5 19. Qf2 Qa5 20. Nd2
Qxc3 21. Bf3 gxf4 22. Bxf4 Nxe5 23. Bxb7+ Kxb7 24. Rab1+ Kc8 25. Qe2 Bf6
26. Qa6+ Kd7 27. Qxa7+ Ke8 28. Bxe5 Bxe5 29. Qa4+ Kf8 30. Nc4 Qd4 31. c3
Qh4 32. g3 Bxg3 33. Rb2 Be4+ 34. Kg1 Bxh2+ 35. Rxh2 Rg8+ 0-1

[Event "Sligo Chess and Culture Festival Championship 2026"]
[Site "Enniscrone IRL"]
[Date "2026.01.30"]
[Round "1.5"]
[White "Duffy, James"]
[Black "Donohoe, Eugene"]
[Result "1/2-1/2"]
[WhiteElo "1670"]
[BlackElo "1740"]
[WhiteICU "1600"]
[BlackICU "1752"]
[BlackClub "Lucan"]
[WhiteNationality "IRL"]
[BlackNationality "IRL"]
[WhiteFideId "2529009"]
[BlackFideId "2502445"]
[PlyCount "31"]
[ChessResultsKey "1241835"]
[EventSection "3/5"]
[Venue "Diamond Coast Hotel"]
[EventDate "2026.01.30"]

{ Event information: <a
href="https://www.irlchess.com/sligo-cship2026_allfiles/pairings_sligo-cship2026.html">Tournament
report</a>. }

1. d4 e6 2. Nf3 f5 3. e3 Nf6 4. a3 Be7 5. Be2 O-O 6. b3 d6 7. Bb2 Nc6 8.
Nbd2 Qe8 9. O-O Bd8 10. c4 e5 11. dxe5 dxe5 12. Qc2 Ne4 13. Nxe4 fxe4 14.
Qxe4 Bf5 15. Qd5+ Be6 16. Qe4 1/2-1/2

[Event "Sligo Chess and Culture Festival Championship 2026"]
[Site "Enniscrone IRL"]
[Date "2026.01.30"]
[Round "1.8"]
[White "Marshall, Roy"]
[Black "Mariya Boby, Angel"]
[Result "0-1"]
[WhiteElo "1733"]
[BlackElo "1665"]
[WhiteICU "1763"]
[BlackICU "1730"]
[WhiteClub "Ennis"]
[WhiteNationality "IRL"]
[BlackNationality "IRL"]
[WhiteFideId "2519178"]
[BlackFideId "2535564"]
[PlyCount "78"]
[ChessResultsKey "1241835"]
[EventSection "3/5"]
[Venue "Diamond Coast Hotel"]
[EventDate "2026.01.30"]

{ Event information: <a
href="https://www.irlchess.com/sligo-cship2026_allfiles/pairings_sligo-cship2026.html">Tournament
report</a>. }

1. c4 c5 2. g3 g6 3. Bg2 Bg7 4. Nc3 Nc6 5. e4 e5 6. Nge2 Nge7 7. O-O O-O 8.
d3 d6 9. Be3 Be6 10. Qd2 a6 11. Bh6 Rb8 12. a4 Nb4 13. Bxg7 Kxg7 14. f4 f5
15. Nd5 Nec6 16. b3 b5 17. Nxb4 Nxb4 18. axb5 axb5 19. Ra7+ Kg8 20. exf5
Bxf5 21. fxe5 Rc8 22. Qh6 Rc7 23. Rxc7 Qxc7 24. g4 dxe5 25. gxf5 Qd6 26.
fxg6 Rxf1+ 27. Bxf1 hxg6 28. Qh3 Kg7 29. Ng3 bxc4 30. bxc4 Qd4+ 31. Kh1 Qf4
32. Qg2 Qc1 33. Qg1 Kh6 34. Ne4 Qf4 35. Nxc5 Nc2 36. Bg2 Nd4 37. Qf1 Qd2
38. Ne4 Qe3 39. Qf8+ Kh5 0-1

[Event "Sligo Chess and Culture Festival Championship 2026"]
[Site "Enniscrone IRL"]
[Date "2026.01.30"]
[Round "1.9"]
[White "Bun, Oleh"]
[Black "McClatchey, Rob"]
[Result "0-1"]
[WhiteElo "1655"]
[BlackElo "1731"]
[WhiteNationality "UKR"]
[BlackNationality "ENG"]
[WhiteFideId "34161910"]
[BlackFideId "479217"]
[PlyCount "164"]
[ChessResultsKey "1241835"]
[EventSection "3/5"]
[Venue "Diamond Coast Hotel"]
[EventDate "2026.01.30"]

{ Event information: <a
href="https://www.irlchess.com/sligo-cship2026_allfiles/pairings_sligo-cship2026.html">Tournament
report</a>. }

1. b4 d6 2. Bb2 Nf6 3. f4 Bf5 4. Nf3 Nbd7 5. d3 h6 6. e4 Bg4 7. Be2 c6 8.
a3 a5 9. O-O axb4 10. axb4 Rxa1 11. Bxa1 Qb6+ 12. Bd4 Qxb4 13. Nbd2 Bxf3
14. Nxf3 c5 15. Qa1 Qb6 16. Bc3 Qa6 17. Qe1 e6 18. d4 Qc6 19. d5 Qc8 20.
dxe6 fxe6 21. Qg3 Kd8 22. Nd2 Kc7 23. Nc4 Nxe4 24. Ba5+ b6 25. Qe3 d5 26.
Be1 Qb7 27. Ne5 Ndf6 28. Qh3 Qc8 29. Bb5 Be7 30. Ng6 Re8 31. Bxe8 Qxe8 32.
Qxe6 Bd6 33. f5 Ng5 34. Qxe8 Nxe8 35. Bh4 Ne4 36. Rd1 N8f6 37. h3 Kc6 38.
Ra1 Kb7 39. Nh8 Be5 40. Re1 Bc3 41. Re2 Kc6 42. Nf7 Kb5 43. Nd8 Kb4 44. Ne6
Ne8 45. Nf4 Kc4 46. Bd8 Bd4+ 47. Kh2 b5 48. Nd3 b4 49. Nc1 Be5+ 50. g3 N8f6
51. Nb3 Bxg3+ 52. Kg2 Bd6 53. Na5+ Kb5 54. Nb7 Kc6 55. Bxf6 gxf6 56. Nd8+
Kb5 57. Nf7 Bf4 58. Kf3 Bg5 59. h4 Bxh4 60. Nxh6 c4 61. Ng4 b3 62. cxb3
cxb3 63. Ne3 Nc3 64. Rd2 d4 65. Rxd4 b2 66. Nd5 Nxd5 67. Rxd5+ Kc4 68. Rd1
Kc3 69. Ke2 Bg5 70. Rg1 Kc2 71. Kf3 b1=Q 72. Rxg5 Qf1+ 73. Ke4 fxg5 74. Ke5
g4 75. f6 g3 76. Ke4 Qxf6 77. Ke3 g2 78. Ke2 Qf1+ 79. Ke3 g1=Q+ 80. Ke4
Qd3+ 81. Kf4 Qde3+ 82. Kf5 Qgg5# 0-1

[Event "Sligo Chess and Culture Festival Championship 2026"]
[Site "Enniscrone IRL"]
[Date "2026.01.30"]
[Round "1.10"]
[White "Venskus, Dominykas"]
[Black "Bermingham, Adam D."]
[Result "0-1"]
[WhiteElo "1721"]
[BlackElo "1653"]
[WhiteICU "1761"]
[BlackICU "1661"]
[WhiteClub "Drogheda"]
[BlackClub "Knights of Eanna"]
[WhiteNationality "IRL"]
[BlackNationality "IRL"]
[WhiteFideId "2536374"]
[BlackFideId "2527197"]
[PlyCount "61"]
[ChessResultsKey "1241835"]
[EventSection "3/5"]
[Venue "Diamond Coast Hotel"]
[EventDate "2026.01.30"]

{ Event information: <a
href="https://www.irlchess.com/sligo-cship2026_allfiles/pairings_sligo-cship2026.html">Tournament
report</a>. }

1. d4 d5 2. c4 e6 3. g3 Nf6 4. Bg2 Bb4+ 5. Bd2 Be7 6. Nf3 Nbd7 7. O-O O-O
8. Qc2 Ne4 9. Nc3 Nxd2 10. Nxd2 c6 11. e4 dxc4 12. Nxc4 Nf6 13. Rad1 Qc7
14. Ne3 Rd8 15. d5 cxd5 16. exd5 Bd7 17. Rd2 Rac8 18. Rfd1 Bb4 19. d6 Qa5
20. Bxb7 Rc5 21. Rc1 Ba4 22. Qd3 Bb5 23. Qd4 e5 24. Qh4 Bxc3 25. Rxc3 Rxc3
26. bxc3 Qxc3 27. Rc2 Qa5 28. Nf5 Qe1+ 29. Kg2 Bf1+ 30. Kf3 Qd1+ 31. Ke3
0-1

[Event "Sligo Chess and Culture Festival Championship 2026"]
[Site "Enniscrone IRL"]
[Date "2026.01.30"]
[Round "1.11"]
[White "O'Hara, Austin"]
[Black "Aashay, R. Kher"]
[Result "0-1"]
[WhiteElo "1650"]
[BlackElo "1717"]
[WhiteNationality "IRL"]
[BlackNationality "IND"]
[WhiteFideId "2523825"]
[BlackFideId "25933337"]
[PlyCount "79"]
[ChessResultsKey "1241835"]
[EventSection "3/5"]
[Venue "Diamond Coast Hotel"]
[EventDate "2026.01.30"]

{ Event information: <a
href="https://www.irlchess.com/sligo-cship2026_allfiles/pairings_sligo-cship2026.html">Tournament
report</a>. }

1. e4 d5 2. exd5 Nf6 3. h3 Nxd5 4. d4 Bf5 5. a3 e6 6. Nf3 Nd7 7. c4 N5f6 8.
Nc3 Be7 9. Bf4 c6 10. Nh4 Bg6 11. Nxg6 hxg6 12. Bd3 Nb6 13. Be2 Qd7 14. O-O
Rh4 15. Be3 g5 16. f3 Bd8 17. Bf2 Rh6 18. Qd2 Nh5 19. Rfe1 Nf4 20. Bf1 f5
21. b4 Bf6 22. a4 Rd8 23. a5 Nc8 24. Rad1 Ne7 25. b5 e5 26. bxc6 bxc6 27.
d5 g4 28. hxg4 fxg4 29. Bg3 Bg5 30. Qf2 Qf5 31. fxg4 Qxg4 32. Ne4 Qh5 33.
Bh4 Bxh4 34. g3 Rg6 35. d6 Nf5 36. Bg2 Bxg3 37. Nxg3 Nxg3 38. Qxf4 Ne2+ 39.
Rxe2 Qxe2 40. Qd4 0-1

[Event "Sligo Chess and Culture Festival Championship 2026"]
[Site "Enniscrone IRL"]
[Date "2026.01.30"]
[Round "1.13"]
[White "Chan, Karina"]
[Black "O'Connell, Denis"]
[Result "1/2-1/2"]
[WhiteElo "1642"]
[BlackElo "1715"]
[WhiteICU "1611"]
[BlackICU "1796"]
[BlackClub "Cork"]
[WhiteNationality "ENG"]
[BlackNationality "IRL"]
[WhiteFideId "426903"]
[BlackFideId "2505860"]
[PlyCount "42"]
[ChessResultsKey "1241835"]
[EventSection "3/5"]
[Venue "Diamond Coast Hotel"]
[EventDate "2026.01.30"]

{ Event information: <a
href="https://www.irlchess.com/sligo-cship2026_allfiles/pairings_sligo-cship2026.html">Tournament
report</a>. }

1. d4 Nf6 2. c4 c5 3. d5 b5 4. a3 bxc4 5. Nc3 e6 6. e4 exd5 7. exd5 d6 8.
Bxc4 Be7 9. Nf3 O-O 10. h3 Nbd7 11. O-O Nb6 12. Ba2 Bb7 13. Be3 Qd7 14. Qd2
Rfe8 15. Rac1 Ba6 16. Rfe1 Nc4 17. Qc2 Nxe3 18. Rxe3 Bf8 19. Rce1 Rxe3 20.
Rxe3 Re8 21. Nd2 Rxe3 1/2-1/2

[Event "Sligo Chess and Culture Festival Championship 2026"]
[Site "Enniscrone IRL"]
[Date "2026.01.30"]
[Round "1.15"]
[White "McInerney, Kevin"]
[Black "O'Flaherty, Paul"]
[Result "0-1"]
[WhiteElo "1626"]
[BlackElo "1707"]
[WhiteICU "1722"]
[BlackICU "1555"]
[WhiteClub "Ennis"]
[BlackClub "Galway"]
[WhiteNationality "IRL"]
[BlackNationality "IRL"]
[WhiteFideId "2524350"]
[BlackFideId "2502291"]
[PlyCount "52"]
[ChessResultsKey "1241835"]
[EventSection "3/5"]
[Venue "Diamond Coast Hotel"]
[EventDate "2026.01.30"]

{ Event information: <a
href="https://www.irlchess.com/sligo-cship2026_allfiles/pairings_sligo-cship2026.html">Tournament
report</a>. }

1. e4 c5 2. Nf3 d6 3. d4 cxd4 4. Nxd4 Nf6 5. Nc3 g6 6. Be2 Bg7 7. O-O O-O
8. Be3 Nc6 9. Nf3 Bg4 10. Qc1 Qa5 11. Bh6 Rac8 12. Bxg7 Kxg7 13. Qf4 Bxf3
14. Bxf3 Nd4 15. Bd1 e5 16. Qe3 b5 17. Qd3 Rc4 18. f3 Rfc8 19. Ne2 Nxc2 20.
Bxc2 Rxc2 21. Nc3 Rxb2 22. Nd5 Nxd5 23. Qxd5 Rcc2 24. Rfd1 Rxg2+ 25. Kh1
Rxh2+ 26. Kg1 Qb6+ 0-1

[Event "Sligo Chess and Culture Festival Championship 2026"]
[Site "Enniscrone IRL"]
[Date "2026.01.30"]
[Round "1.16"]
[White "Biswal, Saiansh"]
[Black "Megadi-Walia, Rohan"]
[Result "1-0"]
[WhiteElo "1698"]
[BlackElo "1624"]
[WhiteNationality "IRL"]
[BlackNationality "IRL"]
[WhiteFideId "2518155"]
[BlackFideId "2536455"]
[PlyCount "147"]
[ChessResultsKey "1241835"]
[EventSection "3/5"]
[Venue "Diamond Coast Hotel"]
[EventDate "2026.01.30"]

{ Event information: <a
href="https://www.irlchess.com/sligo-cship2026_allfiles/pairings_sligo-cship2026.html">Tournament
report</a>. }

1. e4 e5 2. Nf3 Nc6 3. Bc4 Bc5 4. c3 d6 5. O-O Nf6 6. d3 Bg4 7. h3 Bh5 8.
Nbd2 O-O 9. a4 a5 10. Re1 d5 11. exd5 Nxd5 12. Ne4 Bb6 13. Ng3 Bxf3 14.
Qxf3 Nde7 15. Bg5 h6 16. Bxe7 Qxe7 17. Bd5 Rfe8 18. Bxc6 bxc6 19. Qxc6 Qg5
20. Ne4 Qh4 21. Rf1 Rad8 22. Nd2 Re6 23. Qc4 Qxc4 24. Nxc4 Rxd3 25. Rad1 e4
26. Rxd3 exd3 27. Rd1 Re2 28. Nxb6 cxb6 29. Rb1 Rc2 30. Rd1 Rxb2 31. Rxd3
Ra2 32. Rd4 Ra3 33. Rc4 Kf8 34. Kf1 Ke7 35. Ke2 Kd6 36. Kd3 Ra2 37. Rf4 f6
38. g4 Ke5 39. Re4+ Kd5 40. Rd4+ Ke5 41. f4+ Ke6 42. Rc4 Rh2 43. Re4+ Kf7
44. Re3 Kg6 45. Kc4 Rf2 46. f5+ Kg5 47. Re7 Kh4 48. Rxg7 Kxh3 49. Rg6 Rf4+
50. Kb5 Rxg4 51. Rxh6+ Kg3 52. Rxf6 Kf3 53. Rg6 Rf4 54. Re6 Rxf5+ 55. Kxb6
Kf4 56. c4 Kg5 57. c5 Rd5 58. c6 Kf5 59. Re1 Rd8 60. c7 Rg8 61. Kb7 Rg7 62.
Kb8 Rxc7 63. Kxc7 Kf6 64. Kd6 Kf5 65. Re5+ Kf6 66. Kd5 Kf7 67. Re6 Kg7 68.
Ke5 Kf7 69. Kf5 Kg7 70. Rf6 Kh7 71. Rg6 Kh8 72. Kf6 Kh7 73. Kf7 Kh8 74.
Rh6# 1-0

[Event "Sligo Chess and Culture Festival Championship 2026"]
[Site "Enniscrone IRL"]
[Date "2026.01.30"]
[Round "1.17"]
[White "Palihawadana, Aken Pinitha"]
[Black "Moore, Samuel"]
[Result "1/2-1/2"]
[WhiteElo "1623"]
[BlackElo "1695"]
[WhiteICU "1714"]
[BlackICU "1806"]
[WhiteClub "Raharney"]
[BlackClub "N.I.C.S."]
[WhiteNationality "IRL"]
[BlackNationality "IRL"]
[WhiteFideId "29982847"]
[BlackFideId "2507110"]
[PlyCount "71"]
[ChessResultsKey "1241835"]
[EventSection "3/5"]
[Venue "Diamond Coast Hotel"]
[EventDate "2026.01.30"]

{ Event information: <a
href="https://www.irlchess.com/sligo-cship2026_allfiles/pairings_sligo-cship2026.html">Tournament
report</a>. }

1. e4 e5 2. Nf3 Nf6 3. Nxe5 d6 4. Nf3 Nxe4 5. Qe2 Qe7 6. d3 Nf6 7. Qxe7+
Bxe7 8. Bg5 O-O 9. Be2 Nc6 10. O-O Be6 11. Nc3 a6 12. a3 Rad8 13. Rad1 Rfe8
14. Rfe1 Nd5 15. Nxd5 Bxd5 16. c4 Bxf3 17. Bxe7 Rxe7 18. Bxf3 Rde8 19. Rxe7
Rxe7 20. Bxc6 bxc6 21. Kf1 Kf8 22. Re1 c5 23. Rxe7 Kxe7 24. Ke2 Ke6 25. Ke3
d5 26. f4 f5 27. h4 h5 28. Ke2 c6 29. a4 a5 30. b3 g6 31. g3 Kd6 32. Kf3
Ke6 33. Ke2 Kd6 34. Kf3 Ke6 35. Ke2 Kd6 36. Ke1 1/2-1/2

[Event "Sligo Chess and Culture Festival Championship 2026"]
[Site "Enniscrone IRL"]
[Date "2026.01.30"]
[Round "1.18"]
[White "White, George"]
[Black "Sloan, Cecil"]
[Result "1-0"]
[WhiteElo "1693"]
[BlackElo "1615"]
[WhiteICU "1801"]
[BlackICU "1801"]
[WhiteClub "Knights of Eanna"]
[WhiteNationality "IRL"]
[BlackNationality "USA"]
[WhiteFideId "2520354"]
[BlackFideId "2036738"]
[PlyCount "63"]
[ChessResultsKey "1241835"]
[EventSection "3/5"]
[Venue "Diamond Coast Hotel"]
[EventDate "2026.01.30"]

{ Event information: <a
href="https://www.irlchess.com/sligo-cship2026_allfiles/pairings_sligo-cship2026.html">Tournament
report</a>. }

1. e4 c5 2. Nf3 Nc6 3. d4 cxd4 4. Nxd4 e5 5. Nb5 d6 6. N1c3 a6 7. Na3 Be7
8. Nc4 b5 9. Ne3 Nf6 10. Bd3 O-O 11. O-O Be6 12. a4 b4 13. Ncd5 Bxd5 14.
exd5 Na5 15. Bd2 Qb6 16. Nf5 Rfe8 17. Nxe7+ Rxe7 18. Bg5 Qd4 19. c3 bxc3
20. bxc3 Qa7 21. Bxf6 gxf6 22. Qg4+ Kf8 23. Bxh7 Ke8 24. Bf5 Kd8 25. Qg7
Kc7 26. Qxf6 Rae8 27. Rfe1 Nb3 28. Rab1 Nc5 29. a5 Nd7 30. Bxd7 Kxd7 31.
Rb6 Qc7 32. Reb1 1-0

[Event "Sligo Chess and Culture Festival Championship 2026"]
[Site "Enniscrone IRL"]
[Date "2026.01.30"]
[Round "1.20"]
[White "Foenander, Phillip"]
[Black "Stacey, Derek"]
[Result "1-0"]
[WhiteElo "1690"]
[BlackElo "1609"]
[WhiteICU "1692"]
[BlackICU "1470"]
[WhiteClub "Limerick"]
[BlackClub "Curragh"]
[WhiteNationality "IRL"]
[BlackNationality "IRL"]
[WhiteFideId "2505444"]
[BlackFideId "2505266"]
[PlyCount "97"]
[ChessResultsKey "1241835"]
[EventSection "3/5"]
[Venue "Diamond Coast Hotel"]
[EventDate "2026.01.30"]

{ Event information: <a
href="https://www.irlchess.com/sligo-cship2026_allfiles/pairings_sligo-cship2026.html">Tournament
report</a>. }

1. Nf3 Nf6 2. d4 d6 3. g3 g6 4. Bg2 Bg7 5. O-O O-O 6. Nbd2 c5 7. h3 Nc6 8.
e3 Rb8 9. c3 Re8 10. Re1 e5 11. dxe5 Nxe5 12. Nxe5 dxe5 13. Kh2 b6 14. e4
Be6 15. Qe2 Qc7 16. Nf3 Nd7 17. Ng5 Nf8 18. Nxe6 Nxe6 19. Be3 f6 20. Rad1
Rbd8 21. Rd5 Qe7 22. Red1 Nc7 23. Rxd8 Rxd8 24. h4 Bf8 25. Rxd8 Qxd8 26.
Bh3 Qd6 27. h5 g5 28. Bf5 Ne6 29. Qc4 Kf7 30. Bxh7 Qd1 31. Bg6+ Ke7 32. Qa6
Qd7 33. Bf5 Qc7 34. Qf1 Bh6 35. Qc4 Qd7 36. Bg6 Kf8 37. Bf5 Ke7 38. b4 b5
39. Bxc5+ Kf7 40. Bxe6+ Qxe6 41. Qxb5 a6 42. Qb7+ Ke8 43. Qb8+ Kd7 44. Qb7+
Ke8 45. Qh7 Bf8 46. Qg6+ Qf7 47. Qxf7+ Kxf7 48. Bxf8 Kxf8 49. a4 1-0

[Event "Sligo Chess and Culture Festival Championship 2026"]
[Site "Enniscrone IRL"]
[Date "2026.01.31"]
[Round "2.1"]
[White "Schwab, Lysander"]
[Black "Reynolds, Paul"]
[Result "1-0"]
[WhiteElo "1687"]
[BlackElo "1744"]
[WhiteNationality "GER"]
[BlackNationality "IRL"]
[WhiteFideId "34618619"]
[BlackFideId "2537486"]
[PlyCount "79"]
[ChessResultsKey "1241835"]
[EventSection "3/5"]
[Venue "Diamond Coast Hotel"]
[EventDate "2026.01.30"]

{ Event information: <a
href="https://www.irlchess.com/sligo-cship2026_allfiles/pairings_sligo-cship2026.html">Tournament
report</a>. }

1. c4 Nf6 2. Nc3 e6 3. Nf3 Be7 4. d4 d5 5. Bf4 c6 6. e3 Nh5 7. Be5 Nd7 8.
Bd3 Nxe5 9. dxe5 g6 10. Qc2 Ng7 11. h4 Qc7 12. O-O-O Bd7 13. Rdg1 O-O-O 14.
g4 h5 15. Ne2 hxg4 16. Rxg4 Nf5 17. Ned4 Rh5 18. Nxf5 exf5 19. Rd4 Be6 20.
c5 f6 21. exf6 Bxf6 22. Ra4 Kb8 23. Rg1 Qf7 24. Ng5 Bxg5 25. Rxg5 Rdh8 26.
Rxh5 Rxh5 27. Qc3 Qc7 28. Qa3 Kc8 29. Rxa7 Rxh4 30. Qb3 Kb8 31. Qa3 Kc8 32.
Ba6 Qh2 33. Bxb7+ Kd8 34. Qa5+ Ke7 35. Bxc6+ Kf6 36. Qd8+ Ke5 37. Qd6+ Ke4
38. Qxe6+ Kd3 39. Qxd5+ Rd4 40. exd4 1-0